Biología e higiene. V año

Zapisane w:
Opis bibliograficzny
1. autor: Silva Figueroa, Carlos (Autor)
Format: Książka
Język:hiszpański
Wydane: Santiago Universo 1935
Hasła przedmiotowe:
Etykiety: Dodaj etykietę
Nie ma etykietki, Dołącz pierwszą etykiete!

MARC

LEADER 00000nam a2200000 a 4500
001 UCI4434
003 CL-VaPUC
008 080118e19350000CL |||||||||||||||||spa|d
082 0 4 |a 372.37  |b SIL  |2 21 
100 0 |a Silva Figueroa, Carlos  |e author  |9 526348 
245 1 0 |a Biología e higiene. V año 
300 |a 184 p 
942 |c BK 
945 |d 20080118 00:00:00  |a rbrito 
260 |a Santiago  |b Universo  |c 1935 
500 |a Donación Padres Capuchinos 
650 0 |a Enseñanza de la biología  |9 338701 
650 0 |a Biología  |9 262022 
650 7 |a BIOLOGIA ANIMAL  |2 CL-VaPUC  |9 361134 
650 0 |a Biología vegetal  |9 355680 
650 0 |a Anatomía humana   |9 269546 
650 7 |a FISIOLOGIA  |2 CL-VaPUC  |9 526349 
650 0 |a Sistema nervioso  |9 266815 
583 |a last modification  |c 20080118 00:00:00  |k Rodrigo Vera 
999 |c 328376  |d 328374 
952 |0 0  |1 0  |4 0  |6 372_370000000000000_SIL_1935  |7 0  |8 X  |9 412243  |a FDOBUD  |b FDOBUD  |d 2019-11-22  |i 4402502  |o 372.37 SIL 1935  |p 4402502  |r 2019-11-22  |w 2019-11-22  |y BK_X  |k BUD